| 000 | 00349nam a2200145Ia 4500 | ||
|---|---|---|---|
| 008 | 220204s9999 xx 000 0 und d | ||
| 082 |
_a536.2 _bGUP |
||
| 100 | _aGupta, C P | ||
| 245 | 0 | _aEngineering heat transfer | |
| 250 | _aEd.3 | ||
| 260 |
_aRoorkee _bNem Chand _c1971 |
||
| 650 | _aHeat transfer | ||
| 700 | _aRajendra Prakash | ||
| 942 | _cBK | ||
| 999 |
_c23085 _d23085 |
||